000 00672nam a2200229Ia 4500
005 20241129120201.0
008 241129s9999||||xx |||||||||||||| ||und||
020 _a9789356878365
037 _aTB
040 _aSDCL
_beng
_cSDCL
041 _aeng
_2eng
084 _aV:(G:55).275'N<-M, R3
_qSDCL
100 _aSarkar Mahua
_927719
245 0 _aGasping City: An Environmental History Of Calcutta 1817-1923
260 _aDelhi
_bPrimus Books
_c2023
300 _axviii,110p.
365 _aINR
_b395
490 _aReconnecting with nature: New histories
650 _aReference
942 _cTB
_hV:(G:55).275'N<-M, R3
999 _c1233701
_d1233701